Central Library OPAC University of Rajshahi

Report of the Commission on National Education, Government of Pakistan, Ministry of Education, January-August 1959 / (Record no. 51427)

MARC details
000 -LEADER
fixed length control field 00864nam a2200241 a 4500
001 - CONTROL NUMBER
control field 51427
003 - CONTROL NUMBER IDENTIFIER
rucl marc code BD-RjUL
005 - DATE AND TIME OF LATEST TRANSACTION
control field 20211209075646.0
008 - FIXED-LENGTH DATA ELEMENTS--GENERAL INFORMATION
fixed length control field 160831s1960 pk o00 0 eng d
035 ## - SYSTEM CONTROL NUMBER
System control number (BD-RjUL)51547
040 ## - CATALOGING SOURCE
Original cataloging agency NYP
Transcribing agency NYP
Modifying agency ZCU
-- BD-RjUL
Language of cataloging eng
041 ## - LANGUAGE CODE
Language code of text/sound track or separate title eng
082 ## - DEWEY DECIMAL CLASSIFICATION NUMBER
Classification number 379.5491
Author mark and year PAR 1960
110 1# - MAIN ENTRY--CORPORATE NAME
Corporate name or jurisdiction name as entry element Pakistan.
Subordinate unit Ministry of Education
9 (RLIN) 156601
245 10 - TITLE STATEMENT
Title Report of the Commission on National Education, Government of Pakistan, Ministry of Education, January-August 1959 /
Statement of responsibility, etc. Pakistan. Ministry of Education ; Chairman: S. M. Sharif
260 ## - PUBLICATION, DISTRIBUTION, ETC. (IMPRINT)
Place of publication, distribution, etc. Karachi :
Name of publisher, distributor, etc. Manager of Publications,
Date of publication, distribution, etc. [1960]
300 ## - PHYSICAL DESCRIPTION
Pagination ii, 360 p. ;
Size 24 cm.
500 ## - GENERAL NOTE
General note Cover title.
650 #4 - SUBJECT ADDED ENTRY--TOPICAL TERM
Topical term or geographic name as entry element Education Policy
Geographic subdivision Pakistan
Chronological subdivision 20th century
9 (RLIN) 153833
Topical term or geographic name as entry element Education
Geographic subdivision Pakistan.
9 (RLIN) 153834
700 ## - ADDED ENTRY--PERSONAL NAME
Personal name Sharif, S. M. , Chairman
942 ## - ADDED ENTRY ELEMENTS (KOHA)
Source of classification or shelving scheme Dewey Decimal Classification
Koha item type Rare Books
Holdings
Lost status Source of classification or shelving scheme Damaged status Not for loan Collection code Permanent Location Current Location Shelving location Date acquired Source of acquisition Total Checkouts Full call number Date last seen Copy number Koha item type
  Dewey Decimal Classification   Not For Loan Rare Books Central Library, University of Rajshahi Central Library, University of Rajshahi Rare Book Section 05/02/1960 Registrar, R. U.   RA 379.5491 PAR 1960 31/08/2016 C-1 Rare Books